000 00374nam a2200145Ia 4500
008 230711s9999||||xx |||||||||||||| ||und||
041 _aENG
082 _a677
_bBA-I
100 _aBalasubramanian,Priya
245 0 _aIndian textile scenario
250 _a1st Ed.
260 _c1991
_aNew Delhi
_bTextile Committee Govt of India
650 _aTextile Engineering
942 _cBK
999 _c3669
_d3669